000 01314nam0a2200313 4500
001 RU\NLR\bibl\1736716
005 20260405230136.0
010 _a978-5-389-01515-9
_910000
021 _aRU
_b2011-3999
_9273
035 _a(NLR Aleph) 001727644
090 _a1379397
_c1379397
100 _a20110216d2011 |||y0rusy50 ca
101 1 _arus
102 _aRU
105 _aa |||||||||
200 1 _aПринцесса, которая читала слишком много историй про принцесс
_eсказочная история
_e[для младшего школьного возраста]
_fСильвия Ронкалья, Елена Темпорин
_gпер. с итал. Валерия Николаева
_g[худож. Елена Темпорин]
210 _aМосква
_cМахаон
_cАзбука-Аттикус
_d2011
215 _a43, [2] с.
_cцв. ил.
_d20
225 1 _aСказочные принцессы
686 _aШ9(4Ит)60-4
700 1 _4070
_8rus
_7ca
_aРонкалья
_bС.
_f1955-
_gСильвия
_3RU\NLR\AUTH\77104164
_987089
701 1 _aТемпорин
_bЕ.
_f1970-
_gЕлена
_4070
801 0 _aRU
_bNLR
_c20110216
_gRCR
801 1 _aRU
_bNLR
_c20110216
942 _cBOOK
980 _aNB
980 _aNBR